<?xml version="1.0" encoding="UTF-8"?>
<record
    xmlns:xsi="http://www.w3.org/2001/XMLSchema-instance"
    xsi:schemaLocation="http://www.loc.gov/MARC21/slim http://www.loc.gov/standards/marcxml/schema/MARC21slim.xsd"
    xmlns="http://www.loc.gov/MARC21/slim">

  <leader>00232nam a2200085   4500</leader>
  <controlfield tag="001">1257641</controlfield>
  <controlfield tag="005">20260217133224.0</controlfield>
  <datafield tag="245" ind1=" " ind2=" ">
    <subfield code="a">21 YA&#x15E;INDA &#xC7;A&#x11E; A&#xC7;IP &#xC7;A&#x11E; KAPAYAN FAT&#x130;H SULTAN MEHMET </subfield>
    <subfield code="c">&#x130;SMA&#x130;L B&#x130;LG&#x130;N</subfield>
  </datafield>
  <datafield tag="260" ind1=" " ind2=" ">
    <subfield code="b">ERDEM &#xC7;OCUK</subfield>
  </datafield>
  <datafield tag="999" ind1=" " ind2=" ">
    <subfield code="c">1257641</subfield>
    <subfield code="d">1257641</subfield>
  </datafield>
  <datafield tag="952" ind1=" " ind2=" ">
    <subfield code="0">0</subfield>
    <subfield code="1">0</subfield>
    <subfield code="2">ddc</subfield>
    <subfield code="4">0</subfield>
    <subfield code="7">0</subfield>
    <subfield code="a">1078</subfield>
    <subfield code="b">1078</subfield>
    <subfield code="d">2026-02-17</subfield>
    <subfield code="l">0</subfield>
    <subfield code="o">1-4</subfield>
    <subfield code="p">10787566</subfield>
    <subfield code="r">2026-02-17 13:33:19</subfield>
    <subfield code="w">2026-02-17</subfield>
    <subfield code="y">BK</subfield>
  </datafield>
</record>
